VALORANT International Tournament Winners - Statistics

General Stats
  • This quiz has been taken 570 times
    85 since last reset
  • The average score is 69 of 92
Answer Stats
Region/Nationality Answer % Correct
Canada TenZ
100%
Canada TenZ
100%
UK Boaster
93%
UK Boaster
93%
Russia Chronicle
90%
Russia Chronicle
90%
Russia Chronicle
90%
USA / (Russia) Demon1
90%
Finland / Russia Derke
90%
Finland / Russia Derke
90%
Sweden Leo
90%
Sweden Leo
90%
USA s0m
90%
Morocco johnqt
88%
Brazil Sacy
88%
Brazil Sacy
88%
Russia something
88%
Brazil aspas
85%
USA Ethan
85%
USA Ethan
85%
USA / Philippines zekken
85%
Turkey Alfajer
83%
Turkey Alfajer
83%
Indonesia f0rsakeN
83%
Singapore Jinggg
83%
USA ShahZaM
83%
USA yay
83%
USA Zellsis
83%
China ZmjjKK
83%
USA brawk
80%
Canada FiNESSE
80%
Sentinels
80%
Sentinels
80%
South Korea t3xture
80%
USA C0M
78%
USA / (Cambodia) jawgemo
78%
LOUD
78%
Canada mada
78%
South Korea Meteor
78%
South Korea Meteor
78%
Argentina saadhak
78%
Turkey cNed
76%
USA crashies
76%
EDward Gaming
76%
Fnatic
76%
Fnatic
76%
Gen.G
76%
Russia nAts
76%
Brazil pANcada
76%
USA skuba
76%
UK / Latvia ardiis
73%
USA Boostio
73%
Malaysia d4v41
73%
Evil Geniuses
73%
Gambit Esports
73%
Canada Marved
73%
OpTic Gaming
73%
Paper Rex
73%
Philippines PatMen
73%
T1
73%
NRG
71%
Acend
68%
South Korea BuZz
68%
Brazil Less
68%
China Smoggy
68%
Poland starxo
68%
China CHICHOO
66%
South Korea Munchkin
66%
Russia Redgar
66%
Non-representing / (Russia) Shao
66%
South Korea Sylvan
66%
Finland BONECOLD
63%
USA dapr
63%
FunPlus Phoenix
63%
South Korea iZu
63%
South Korea Karon
63%
South Korea Lakia
63%
South Korea stax
63%
Non-representing / (Russia) SUYGETSU
63%
Ukraine ANGE1
61%
Russia d3ffo
61%
China nobody
61%
Taiwan S1Mon
61%
Russia Sheydos
61%
USA Victor
61%
Poland zeek
61%
USA zombs
59%
Sweden Zyppan
59%
USA SicK
56%
South Korea carpe
51%
Ukraine / Spain Kiles
51%
Denmark SEIDER
37%
No matching quizzes found
Score Distribution
Percent of People with Each Score
Percentile by Number Answered
Your Score History
You have not taken this quiz since the last reset